[Event "FH 3"]
[Site "SchemingMind.com"]
[Date "2022.05.05"]
[Round "-"]
[White "Kenny Elliott"]
[Black "mochiron"]
[Result "1-0"]
[WhiteCountry "USA"]
[BlackCountry "JPN"]
[WhiteElo "1572"]
[WhiteRD "70"]
[BlackElo "1398"]
[BlackRD "82"]
[GameID "723101"]

1. d4 f5 2. c4 Nf6 3. Nc3 e6 4. Bd2 d6 5. Nf3 Be7 6. g3 O-O 7. Bg2 Bd7 8. Ng5 Ne4 9. Ngxe4 fxe4 10. Bxe4 Nc6
11. d5 exd5 12. Bxd5+ Kh8 13. O-O Bh3 14. Re1 Bg5 15. Bg2 Bxg2 16. Kxg2 Bxd2 17. Qxd2 Qf6 18. f3 Ne5 19. Rf1 Ng6 20. Nd5 Nh4+
21. gxh4 Qxh4 22. Nxc7 Rac8 23. Ne6 Rf6 24. Nxg7 Kxg7 25. b3 Rh6 26. Rg1 Rg6+ 27. Kh1 Rf8 28. Rxg6+ hxg6 29. Qxd6 Rf6 30. Qe7+ Kh6
31. Qxb7 Rd6 32. Qxa7 Rd2 33. Qe3+ Qg5 34. Qxg5+ Kxg5 35. e4 Kf4 36. c5 Kxf3 37. a4 g5 38. e5 Re2 39. b4 Rxe5 40. a5 g4
41. a6 Rh5 42. Rf1+ Ke2 43. Kg1 Rg5 44. a7 Rg8 45. b5 g3 46. h3 Rh8 47. Kg2
1-0

[Event "FH 3"]
[Site "SchemingMind.com"]
[Date "2022.05.05"]
[Round "-"]
[White "mochiron"]
[Black "maro"]
[Result "1-0"]
[WhiteCountry "JPN"]
[BlackCountry "MEX"]
[WhiteElo "1418"]
[WhiteRD "98"]
[BlackElo "1417"]
[BlackRD "74"]
[GameID "723102"]

1. d4 d5 2. Bf4 e5 3. dxe5 Nc6 4. Nf3 f6 5. exf6 Nxf6 6. e3 Bg4 7. Be2 Bd6 8. Bxd6 Qxd6 9. h3 Bh5 10. Ng5 Bg6
11. Nc3 O-O-O 12. O-O h6 13. Nf3 Nb4 14. Bd3 Bxd3 15. cxd3 a6 16. Nd4 g5 17. Nc2 h5 18. Nxb4 Qxb4 19. d4 g4 20. Qe2 gxh3
21. e4 Qxd4 22. Rad1 h2+ 23. Kxh2 Qe5+ 24. Kg1 Ng4 25. f4 Qe6 26. Nxd5 h4 27. f5 Qg8 28. Ne7+
1-0

[Event "FH 3"]
[Site "SchemingMind.com"]
[Date "2022.05.05"]
[Round "-"]
[White "Black Knight"]
[Black "mochiron"]
[Result "0-1"]
[WhiteCountry "USA"]
[BlackCountry "JPN"]
[WhiteElo "1174"]
[WhiteRD "56"]
[BlackElo "1426"]
[BlackRD "67"]
[GameID "723103"]

1. e4 c6 2. d4 d5 3. e5 Bf5 4. Bd3 e6 5. Bxf5 exf5 6. f4 Bb4+ 7. Bd2 Bxd2+ 8. Nxd2 Nd7 9. Ngf3 h6 10. Qe2 c5
11. c4 cxd4 12. e6 fxe6 13. Nxd4 Nc5 14. b4 Ne4 15. Nxe4 dxe4 16. Rd1 Qe7 17. c5 Nf6 18. O-O O-O 19. a4 Rad8 20. c6 Rxd4
21. Rxd4 bxc6 22. h3 c5 23. bxc5 Qf7 24. c6 Nd5 25. Rc1 Qc7 26. Rdc4 Qxf4 27. g3 Qxg3+ 28. Qg2 Qxg2+ 29. Kxg2 Ne3+ 30. Kf2 Nxc4
31. Rxc4 Rc8 32. c7 Kf7 33. Ke3 g5 34. Rc6 Ke7 35. Rc2 Kd7 36. a5 Rxc7 37. Rd2+ Ke7 38. Rd4 Rc3+ 39. Kd2 Rxh3 40. Ke2 g4
41. Rb4 g3 42. Rb7+ Kd6 43. Kf1 e3 44. Rb2 f4 45. Kg2 Rh5 46. Ra2 Kd5 47. Kf3 Rh1 48. Kxf4 Rg1 49. Kxe3 h5 50. Kf3 h4
51. Rd2+ Kc5 52. a6 Kb5 53. Kg4 Kxa6 54. Kxh4 Kb5 55. Kh3 g2 56. Kh2 Ra1 57. Kxg2 a5 58. Kf2 a4 59. Ke2 Kc4 60. Rd6 Kc3
61. Rxe6 Ra2+ 62. Kf3 a3 63. Re3+ Kb4 64. Re4+ Kb5 65. Re5+ Kc4 66. Re3 Kb4 67. Ke4 Rd2 68. Re1 Kb3 69. Re3+ Kb2 70. Rf3 a2
0-1

[Event "FH 3"]
[Site "SchemingMind.com"]
[Date "2022.05.05"]
[Round "-"]
[White "mochiron"]
[Black "JAHI"]
[Result "0-1"]
[WhiteCountry "JPN"]
[BlackCountry "INT"]
[WhiteElo "1418"]
[WhiteRD "98"]
[BlackElo "2157"]
[BlackRD "69"]
[GameID "723104"]

1. f4 a6 2. Nf3 g6 3. e3 Bg7 4. Be2 Kf8 5. O-O f6 6. d4 f5 7. Nc3 Nf6 8. Bd2 d6 9. Bd3 Nc6 10. a3 e6
11. e4 h6 12. exf5 gxf5 13. d5 exd5 14. Nh4 Ne7 15. Rf3 Rh7 16. Re3 Ng4 17. Re1 Bd4+ 18. Be3 Bxe3+ 19. Rxe3 Nxe3 20. Qe2 d4
21. Nd1 N7d5 22. Ng6+ Kg7 23. Nxe3 Nxe3 24. Nh4 Qxh4 25. c3 Qxf4 26. Rf1 Qxf1+ 27. Qxf1 Nxf1 28. Bxf1 dxc3 29. bxc3 Bd7
0-1

[Event "FH 3"]
[Site "SchemingMind.com"]
[Date "2022.05.05"]
[Round "-"]
[White "Gomezeta"]
[Black "mochiron"]
[Result "1-0"]
[WhiteCountry "ITA"]
[BlackCountry "JPN"]
[WhiteElo "1573"]
[WhiteRD "129"]
[BlackElo "1398"]
[BlackRD "82"]
[GameID "723105"]

1. d4 c6 2. e4 d5 3. e5 Bf5 4. Nc3 e6 5. g4 Be4 6. Nxe4 Bb4+ 7. Nc3 Bxc3+ 8. bxc3 h6 9. h4 Ne7 10. Bd3 Nd7
11. Ne2 Qc7 12. Ba3 O-O-O 13. Bxe7 Rde8 14. Bd6 Qa5 15. a4 Rd8 16. Qd2 Nf8 17. c4 Qxd2+ 18. Kxd2 dxc4 19. Bxc4 Nd7 20. a5 Nb8
21. Nc3 Rxd6 22. exd6 Kd7 23. Rab1 Kxd6 24. Rxb7 Nd7 25. Ne4+ Ke7 26. Nc5 Rd8 27. Rxa7 Ke8 28. Nb7 Rb8 29. a6 f5 30. Rb1 fxg4
31. Nd6+ Ke7 32. Rxb8 Kxd6 33. Rd8
1-0

[Event "FH 3"]
[Site "SchemingMind.com"]
[Date "2022.05.02"]
[Round "-"]
[White "Derek Price"]
[Black "Kenny Elliott"]
[Result "1-0"]
[WhiteCountry "ENG"]
[BlackCountry "USA"]
[WhiteElo "2334"]
[WhiteRD "74"]
[BlackElo "1538"]
[BlackRD "73"]
[GameID "723106"]

1. c4 c5 2. Nf3 Nf6 3. Nc3 Nc6 4. g3 e5 5. Bg2 e4 6. Ng5 d5 7. cxd5 Nxd5 8. Nxd5 Qxg5 9. Nc7+ Kd8 10. Nxa8 Bf5
11. d3 Bd7 12. Bxg5+ f6 13. Bf4
1-0

[Event "FH 3"]
[Site "SchemingMind.com"]
[Date "2022.05.05"]
[Round "-"]
[White "mochiron"]
[Black "Derek Price"]
[Result "0-1"]
[WhiteCountry "JPN"]
[BlackCountry "ENG"]
[WhiteElo "1418"]
[WhiteRD "98"]
[BlackElo "2383"]
[BlackRD "72"]
[GameID "723107"]

1. f4 Nf6 2. Nf3 g6 3. e3 Bg7 4. Be2 O-O 5. O-O b6 6. d4 Bb7 7. Nc3 e6 8. Bd2 c5 9. e4 cxd4 10. Nxd4 Nxe4
11. Nxe4 Bxd4+ 12. Kh1 Bxe4 13. Bc3 Bxc3 14. bxc3 f5 15. Bf3 Bxf3 16. Qxf3 Nc6 17. g4 fxg4 18. Qxg4 Ne7 19. c4 Nf5 20. Rg1 Qc7
21. Rae1 Rac8 22. Qh5 Qc6+ 23. Rg2 Qxg2+ 24. Kxg2 gxh5 25. Re4 Rxc4 26. Re2 Rxf4
0-1

[Event "FH 3"]
[Site "SchemingMind.com"]
[Date "2022.05.02"]
[Round "-"]
[White "maro"]
[Black "Derek Price"]
[Result "0-1"]
[WhiteCountry "MEX"]
[BlackCountry "ENG"]
[WhiteElo "1425"]
[WhiteRD "62"]
[BlackElo "2334"]
[BlackRD "74"]
[GameID "723108"]

1. e4 c5 2. d4 cxd4 3. Nf3 d6 4. c3 Nf6 5. Qa4+ Nbd7 6. Qxd4 e5 7. Qa4 Be7 8. Be3 Ng4 9. Be2 Nxe3 10. fxe3 Qb6
11. Kf2 Qxb2 12. Nbd2 Qb6 13. Rab1 Qc7 14. c4 O-O 15. h4 Nc5 16. Qc2 Qc6 17. Bd1 Bd7 18. Ra1 f5 19. exf5 Bxf5 20. e4 Nxe4+
21. Nxe4 Bxe4 22. Qb3 Kh8 23. h5 d5 24. cxd5 Bxd5 25. Qb2 Qc5+ 26. Kg3 e4 27. Rc1 Bd6+ 28. Kh4 Qe3 29. Rh3 Rf4+
0-1

[Event "FH 3"]
[Site "SchemingMind.com"]
[Date "2022.05.01"]
[Round "-"]
[White "Derek Price"]
[Black "Black Knight"]
[Result "1-0"]
[WhiteCountry "ENG"]
[BlackCountry "USA"]
[WhiteElo "2334"]
[WhiteRD "74"]
[BlackElo "1235"]
[BlackRD "63"]
[GameID "723109"]

1. c4 e5 2. Nc3 Nf6 3. Nf3 Nc6 4. g3 g6 5. Bg2 Bg7 6. O-O d6 7. d3 O-O 8. Rb1 a6 9. b4 b6 10. Nxe5 Qe8
11. Nxc6 Bb7 12. Ne7+ Qxe7 13. Bxb7 Rab8 14. Bg2 Rbd8 15. e4 Nd7 16. Nd5 Qe5 17. f4 Qh5 18. Qxh5 gxh5 19. Nxc7 a5 20. bxa5 Rc8
21. Nd5 Rfe8 22. axb6 Rc6 23. Be3 Rb8 24. Ne7+ Kf8 25. Nxc6 Rb7 26. e5 dxe5 27. Nxe5 Nxe5 28. fxe5 Rb8 29. Bc5+ Kg8 30. Bd6
1-0

[Event "FH 3"]
[Site "SchemingMind.com"]
[Date "2022.05.01"]
[Round "-"]
[White "JAHI"]
[Black "Derek Price"]
[Result "0-1"]
[WhiteCountry "INT"]
[BlackCountry "ENG"]
[WhiteElo "2145"]
[WhiteRD "68"]
[BlackElo "2340"]
[BlackRD "70"]
[GameID "723110"]

1. f3 d5 2. f4 g6 3. Nf3 Bg7 4. g3 Nf6 5. Bg2 O-O 6. Kf1 c5 7. d3 Nc6 8. Nc3 Re8 9. e3 e5 10. h3 Nh5
11. Ne2 exf4 12. gxf4 Ne7 13. Nh4 Bf6 14. Qe1 Bd7 15. Bf3 Ng7 16. Ng2 Bc6 17. h4 h5 18. Rh2 a5 19. Kg1 b5 20. Kh1 b4
21. a3 Qb6 22. Rh3= Qb7 23. c3 bxc3 24. bxc3 Rab8 25. d4 Qc8 26. Rh2 Bb5 27. Rb1 Qc6 28. Rh3 Bd3 29. Rxb8 Rxb8 30. dxc5 Qxc5
31. Nd4 Nef5 32. Qd2 Be4 33. Kh2 Nh6 34. Ne1 Ng4+ 35. Kg1 Nf5 36. Bg2 Rb1 37. Nec2 Bxd4 38. exd4 Qe7 39. Bxe4 dxe4 40. Ne1 Qb7
41. Rh2 Nxh2 42. Kxh2 Qb5 43. Qc2 Rxc1 44. Qxc1 Qf1 45. Qb1 Ne3 46. Qb8+ Kh7 47. Qb2 Ng4+ 48. Kg3 Qxe1+ 49. Kg2 Ne3+ 50. Kh2 Qf1
51. Kg3 Ng4 52. Qe2 Qxe2 53. a4 Qh2#
0-1

[Event "FH 3"]
[Site "SchemingMind.com"]
[Date "2022.05.02"]
[Round "-"]
[White "Derek Price"]
[Black "Gomezeta"]
[Result "1-0"]
[WhiteCountry "ENG"]
[BlackCountry "ITA"]
[WhiteElo "2340"]
[WhiteRD "70"]
[BlackElo "1534"]
[BlackRD "175"]
[GameID "723111"]

1. c4 e5 2. Nc3 Nc6 3. g3 Nf6 4. Bg2 Bc5 5. e3 O-O 6. a3 d6 7. Nge2 Re8 8. O-O Be6 9. d4 exd4 10. exd4 Nxd4
11. Nxd4 Bc8 12. b4 Bb6 13. Bb2 c6 14. Qd2 Bxd4 15. Qxd4 Qe7 16. Nd1 c5 17. Qc3 Be6 18. Ne3
1-0

[Event "FH 3"]
[Site "SchemingMind.com"]
[Date "2022.05.02"]
[Round "-"]
[White "Hisjazzrabbit"]
[Black "Kenny Elliott"]
[Result "1-0"]
[WhiteCountry "FRA"]
[BlackCountry "USA"]
[WhiteElo "1350"]
[WhiteRD "102"]
[BlackElo "1505"]
[BlackRD "74"]
[GameID "723112"]

1. f4 f5 2. Nf3 Nc6 3. e3 Nf6 4. d3 e6 5. h3 b6 6. Nc3 Bb4 7. Bd2 O-O 8. a3 Bxc3 9. Bxc3 Bb7 10. Be2 Nd5
11. Bd2 Qh4+ 12. Kf1 Qf6 13. d4 d6 14. c4 Nde7 15. Bc3 Qf7 16. Ng5 Qg6 17. Bh5 Qf6 18. d5 Qh6 19. dxc6 Bxc6 20. Bf7+ Kh8
21. Bxe6 Qg6 22. h4 h5 23. b4 Ng8 24. b5 Be4 25. Bd5 Nf6 26. Bxa8 Bxa8 27. Bxf6 Qxf6 28. Qxh5+ Qh6 29. Qxh6+ gxh6 30. Ne6 Rc8
31. Nd4 Rg8 32. Rh2 Be4 33. Ne6 Bd3+ 34. Ke1 Bxc4 35. Nxc7 Rg7 36. Ne8 Rd7 37. a4 d5 38. g4 Re7 39. Nf6 Rxe3+ 40. Kd1 Bb3+
41. Kd2 Rf3 42. Rc1 Bc4 43. g5 hxg5 44. fxg5 Ra3 45. g6 Kg7 46. Nh5+ Kxg6 47. Nf4+ Kh6 48. Rc3 Ra2+ 49. Rc2 Rxa4 50. Nd3 Bxb5
51. Rh3 Kh5 52. Rf3 Kxh4 53. Rxf5 Bc4 54. Nb2 Kg4 55. Rf8 Rb4 56. Nxc4 dxc4 57. Kc3 Ra4 58. Rg8+ Kf5 59. Re8 Kf4 60. Rf2+ Kg3
61. Rd2 Kf3 62. Rd4= b5 63. Re1 Ra3+ 64. Kb4 Re3 65. Ra1 Rb3+ 66. Kc5 c3 67. Rb4 Rxb4 68. Kxb4 c2 69. Rc1 Ke3 70. Rxc2 Kd3
71. Rb2
1-0

[Event "FH 3"]
[Site "SchemingMind.com"]
[Date "2022.05.05"]
[Round "-"]
[White "mochiron"]
[Black "Hisjazzrabbit"]
[Result "1-0"]
[WhiteCountry "JPN"]
[BlackCountry "FRA"]
[WhiteElo "1385"]
[WhiteRD "79"]
[BlackElo "1345"]
[BlackRD "96"]
[GameID "723113"]

1. b4 e5 2. Bb2 Bxb4 3. Bxe5 f6 4. Bc3 Bxc3 5. dxc3 d6 6. e3 c6 7. Nf3 Bg4 8. h3 Bh5 9. Be2 d5 10. Nbd2 Ne7
11. Nd4 Bxe2 12. Nxe2 O-O 13. O-O Nd7 14. Nf4 Nc5 15. Nb3 Nxb3 16. cxb3 b5 17. h4 Qc8 18. h5 Nf5 19. Ng6 hxg6 20. hxg6 Qe8
21. Qh5 Ne7 22. Qh7#
1-0

[Event "FH 3"]
[Site "SchemingMind.com"]
[Date "2022.05.01"]
[Round "-"]
[White "Hisjazzrabbit"]
[Black "Derek Price"]
[Result "0-1"]
[WhiteCountry "FRA"]
[BlackCountry "ENG"]
[WhiteElo "1361"]
[WhiteRD "128"]
[BlackElo "2376"]
[BlackRD "74"]
[GameID "723114"]

1. f4 Nf6 2. Nf3 g6 3. g3 Bg7 4. Bg2 O-O 5. O-O d5 6. d3 c5 7. c4 Nc6 8. Be3 dxc4 9. dxc4 Ng4 10. Qxd8 Rxd8
11. Bxc5 Bxb2 12. Nbd2 Bxa1 13. Rxa1 b6 14. h3 bxc5 15. Nb3 Ne3 16. Ng5 Nxg2 17. Kxg2 Rb8 18. e3 Rd3 19. Kf3 Nd4+ 20. Ke4 Bf5+
0-1

[Event "FH 3"]
[Site "SchemingMind.com"]
[Date "2022.05.01"]
[Round "-"]
[White "The Stonewall"]
[Black "Hisjazzrabbit"]
[Result "1-0"]
[WhiteCountry "ENG"]
[BlackCountry "FRA"]
[WhiteElo "2297"]
[WhiteRD "77"]
[BlackElo "1346"]
[BlackRD "129"]
[GameID "723115"]

1. e4 e5 2. Nf3 Nc6 3. d4 exd4 4. Bc4 Nf6 5. e5 d5 6. Bb5 Bd7 7. exf6 gxf6 8. O-O Ne5 9. Qe2 c6 10. Nxe5 cxb5
11. Nc6+
1-0

[Event "FH 3"]
[Site "SchemingMind.com"]
[Date "2022.05.02"]
[Round "-"]
[White "maro"]
[Black "Hisjazzrabbit"]
[Result "1-0"]
[WhiteCountry "MEX"]
[BlackCountry "FRA"]
[WhiteElo "1375"]
[WhiteRD "67"]
[BlackElo "1350"]
[BlackRD "102"]
[GameID "723116"]

1. d4 Nc6 2. d5 Ne5 3. Bf4 Ng6 4. e4 Nxf4 5. g3 Ng6 6. Nc3 d6 7. Nf3 Bg4 8. Bg2 Ne5 9. Qe2 Nf6 10. h3 Nxf3+
11. Bxf3 Bxf3 12. Qxf3 Qd7 13. O-O-O g6 14. e5 dxe5 15. Rhe1 Bh6+ 16. Kb1 Qxh3 17. d6 exd6 18. Qxf6 O-O 19. Nd5 Bg7 20. Qe7 Qe6
21. Qxc7 Rfe8 22. Nf4 Qc8 23. Nd5 Rb8 24. Qxd6 Qd8 25. Qb4 Qg5 26. f4 Qxg3 27. f5 gxf5 28. Rg1 Qf3 29. Ne7+ Kh8 30. Rdf1 Qh5
31. Rxf5 Qh2 32. Qg4 Bh6 33. Rh5 Qf4 34. Qh3 Qe3 35. Rf1 Qxh3 36. Rxh3 Bf8 37. Nd5 Red8 38. c4 Rbc8 39. Rxf7 h6 40. Ne7 Bxe7
41. Rxh6+ Kg8 42. Rxe7 Re8 43. Rxb7 e4 44. Rg6+ Kf8 45. Rf6+ Kg8 46. b3 e3 47. Rf1 a6 48. Rg1+ Kf8 49. Rd7 e2 50. Re1 Re6
51. Kc1 Ke8 52. Rd2 Rc7 53. Rdxe2 Rxe2 54. Rxe2+ Re7 55. Kd2 Rxe2+ 56. Kxe2 Kd7 57. b4 Kc6 58. a4 Kb6 59. a5+ Kc6 60. Ke3
1-0

[Event "FH 3"]
[Site "SchemingMind.com"]
[Date "2022.05.01"]
[Round "-"]
[White "Hisjazzrabbit"]
[Black "Black Knight"]
[Result "1-0"]
[WhiteCountry "FRA"]
[BlackCountry "USA"]
[WhiteElo "1330"]
[WhiteRD "115"]
[BlackElo "1218"]
[BlackRD "71"]
[GameID "723117"]

1. f4 d5 2. Nf3 Nc6 3. g3 Bg4 4. e3 Nf6 5. Bb5 a6 6. Bxc6+ bxc6 7. h3 Bxf3 8. Qxf3 e6 9. a3 Bd6 10. g4 Qe7
11. g5 Ne4 12. d3 Nc5 13. a4 f5 14. b4 Nd7 15. Qh5+ g6 16. Qd1 Bxb4+ 17. Nd2 Bc3 18. Ba3 c5 19. Rb1 Rb8 20. d4 Rxb1
21. Qxb1 Bxd2+ 22. Kxd2 O-O 23. Qb7 Rb8 24. Qxc7 Qd8 25. Qxd8+ Rxd8 26. dxc5 Rc8 27. Rb1 Kf7 28. Kc3 Nxc5 29. Bxc5 Rxc5+ 30. Kd2 Rc7
31. a5 Ke7 32. h4 Kd6 33. Rb6+ Rc6 34. Kc1 Kc5 35. Rb7 d4 36. exd4+ Kxd4 37. Rxh7 Ke4 38. Rh6 e5 39. fxe5 Kxe5 40. h5 Rc3
41. hxg6 f4 42. g7
1-0

[Event "FH 3"]
[Site "SchemingMind.com"]
[Date "2022.05.01"]
[Round "-"]
[White "Hisjazzrabbit"]
[Black "Arthur Wilding"]
[Result "1/2-1/2"]
[WhiteCountry "FRA"]
[BlackCountry "WLS"]
[WhiteElo "1407"]
[WhiteRD "104"]
[BlackElo "1207"]
[BlackRD "72"]
[GameID "723118"]

1. f4 Nc6 2. Nf3 d6 3. g3 g6 4. Bg2 Nf6 5. O-O Bg7 6. d3 O-O 7. c3 Bg4 8. b4 Bxf3 9. Bxf3 Re8 10. Be3 a6
11. Bxc6 bxc6 12. h3 Nd5 13. Bd2 Qd7 14. g4 f5 15. g5 e5 16. e3 exf4 17. exf4 Ne3 18. Bxe3 Rxe3 19. Qb3+ Qf7 20. Qxf7+ Kxf7
21. d4 Rxh3 22. Kg2 Rh4 23. Nd2 Rh5 24. Nc4 h6 25. Rh1 Rxh1 26. Rxh1 hxg5 27. fxg5 Rh8 28. Rxh8 Bxh8 29. Na5 c5 30. Nb7 cxd4
31. cxd4 Bxd4 32. Nd8+ Ke7 33. Nc6+ Ke6 34. Nxd4+ Ke5 35. Nf3+ Kd5 36. Nh4 Ke6 37. Nxg6 Kf7 38. Nh4 f4 39. g6+ Kg7 40. Kf3 c5
41. bxc5 dxc5 42. Kxf4 Kg8 43. Nf5 a5 44. Kg5 c4 45. Kf4 c3 46. Ke3 c2 47. Kd2 c1=Q+ 48. Kxc1 Kf8 49. a4 Kg8 50. Nd6 Kg7
51. Nc4 Kxg6 52. Nxa5 Kf6 53. Nc4 Ke7 54. a5 Kd7 55. a6 Kc7 56. Kb2 Kb8 57. Kb3 Ka7 58. Ka4 Kxa6
1/2-1/2

[Event "FH 3"]
[Site "SchemingMind.com"]
[Date "2022.05.02"]
[Round "-"]
[White "kenneth m day"]
[Black "Hisjazzrabbit"]
[Result "1-0"]
[WhiteCountry "USA"]
[BlackCountry "FRA"]
[WhiteElo "1663"]
[WhiteRD "58"]
[BlackElo "1328"]
[BlackRD "103"]
[GameID "723119"]

1. e4 e5 2. Nf3 Nc6 3. c3 Nf6 4. d4 d6 5. Qa4 a6 6. d5 Bd7 7. dxc6 Bxc6 8. Qd1 Bxe4 9. Be2 Bxf3 10. Bxf3 e4
11. Qe2 Qe7 12. Bg4 d5 13. Bf4 g6 14. Nd2 h5 15. Bh3 Qc5 16. Be3 Qb5 17. Qxb5+ axb5 18. Nb3 b6 19. Nd4 b4 20. O-O bxc3
21. bxc3 Bd6 22. Nb5 O-O 23. Nxd6 cxd6 24. Bxb6 g5 25. Bd4 g4 26. Bxf6 gxh3 27. g3 Kh7 28. Rfd1 Kg6 29. Bd4 f6 30. a4 f5
31. a5 f4 32. gxf4 Kf5 33. Be3 Rg8+ 34. Kf1 Ke6 35. Ke2 Rac8 36. Bd4 Kf5 37. Ke3 Rg2 38. Rh1 Rg4 39. a6 Rxf4 40. a7 Ra8
41. Ra5 Rf3+ 42. Ke2 Ke6 43. Rg1 Kd7 44. Rg5 Kc6 45. Rgxd5 Kd7 46. Rxh5 Ke6 47. Rab5 Rc8 48. Rh6+ Kf7 49. Rb7+
1-0

[Event "FH 3"]
[Site "SchemingMind.com"]
[Date "2022.05.01"]
[Round "-"]
[White "Hisjazzrabbit"]
[Black "Chessibelle"]
[Result "1-0"]
[WhiteCountry "FRA"]
[BlackCountry "ENG"]
[WhiteElo "1361"]
[WhiteRD "128"]
[BlackElo "1131"]
[BlackRD "69"]
[GameID "723120"]

1. f4 e6 2. Nf3 h6 3. g3 f5 4. Bg2 Nc6 5. c3 Nf6 6. d3 Bc5 7. Ne5 Nxe5 8. fxe5 Nd5 9. Bxd5 exd5 10. d4 Be7
11. e3 b6 12. Qh5+ Kf8 13. Qxf5+ Ke8 14. Qg6+ Kf8 15. O-O+ Kg8 16. Rf7 Rh7 17. h4 d6 18. e6 Kh8 19. e4 c5 20. g4 Bxh4
21. Bf4 Ba6 22. Nd2 b5 23. Nf3 Be7 24. Kg2 Qc7 25. Rc1 Re8 26. Bxh6 Rg8 27. Bg5 c4 28. Rh1 Rxh1 29. Kxh1 Bc8 30. Qh5#
1-0

[Event "FH 3"]
[Site "SchemingMind.com"]
[Date "2022.05.01"]
[Round "-"]
[White "JAHI"]
[Black "Hisjazzrabbit"]
[Result "1-0"]
[WhiteCountry "INT"]
[BlackCountry "FRA"]
[WhiteElo "2147"]
[WhiteRD "70"]
[BlackElo "1407"]
[BlackRD "104"]
[GameID "723121"]

1. f3 e5 2. b3 Nf6 3. Bb2 d6 4. g3 b6 5. Bg2 c6 6. Kf1 g6 7. f4 e4 8. Bxe4 Bg7 9. Bg2 O-O 10. Nf3 a5
11. Nc3 Ne8 12. Kg1 a4 13. Nxa4 b5 14. Bxg7 Kxg7 15. Nc3 Bf5 16. h3 Qb6+ 17. e3 h6 18. Rh2 b4 19. g4 Be6 20. Na4 Qd8
21. Nd4 Bd5 22. Bxd5 cxd5 23. c3 bxc3 24. Nxc3 Nd7 25. h4 Nc7 26. h5 g5 27. Nf5+ Kh7 28. Qc2 Qf6 29. fxg5 hxg5 30. a3 Rac8
31. Nxd6+ Kh6 32. Nf5+
1-0

[Event "FH 3"]
[Site "SchemingMind.com"]
[Date "2022.05.01"]
[Round "-"]
[White "Allan Sedstrem"]
[Black "Hisjazzrabbit"]
[Result "1-0"]
[WhiteCountry "SCO"]
[BlackCountry "FRA"]
[WhiteElo "1460"]
[WhiteRD "75"]
[BlackElo "1345"]
[BlackRD "96"]
[GameID "723122"]

1. e4 e5 2. Nf3 Nc6 3. d4 exd4 4. Bb5 Bc5 5. Bxc6 dxc6 6. O-O Qe7 7. Re1 f6 8. e5 Be6 9. Nxd4 Rd8 10. c3 g5
11. Qe2 Bxd4 12. exf6 Bxf6 13. Qxe6 Qxe6 14. Rxe6+ Be7 15. Re1 Nh6 16. Bxg5 Ng8 17. Na3 h6 18. Bxe7 Nxe7 19. Nc4 Kf8 20. Re2 Ng6
21. Rae1 Rh7 22. g3 b5 23. Ne3 Re7 24. b4 Nh8 25. Nf5 Rxe2 26. Rxe2 Nf7 27. Re3 Rd5 28. Ne7 Rd1+ 29. Kg2 Nd8 30. Nf5 h5
31. Rf3 Ke8 32. Re3+ Kf7 33. Rf3 Ra1 34. Ne3+ Ke7 35. Rf5 Kd7 36. Rxh5 Rxa2 37. h4 Rc2 38. Rh7+ Kc8 39. Nxc2
1-0

[Event "FH 3"]
[Site "SchemingMind.com"]
[Date "2022.05.02"]
[Round "-"]
[White "Hisjazzrabbit"]
[Black "Nattybridge"]
[Result "0-1"]
[WhiteCountry "FRA"]
[BlackCountry "ENG"]
[WhiteElo "1346"]
[WhiteRD "129"]
[BlackElo "2081"]
[BlackRD "83"]
[GameID "723123"]

1. f4 d5 2. Nf3 g6 3. g3 Bg7 4. d4 Nf6 5. Bg2 O-O 6. O-O Bf5 7. Nc3 c6 8. Na4 Nbd7 9. Ne5 Qc7 10. Nc5 Nxc5
11. dxc5 Ne4 12. Qd4 Rfd8 13. Rf3 b6 14. g4 Bxg4 15. Nxg4 Bxd4+
0-1

[Event "FH 3"]
[Site "SchemingMind.com"]
[Date "2022.05.01"]
[Round "-"]
[White "Drag0nBall"]
[Black "Hisjazzrabbit"]
[Result "1-0"]
[WhiteCountry "NCA"]
[BlackCountry "FRA"]
[WhiteElo "2359"]
[WhiteRD "112"]
[BlackElo "1345"]
[BlackRD "96"]
[GameID "723124"]

1. e4 e5 2. Nf3 Nc6 3. Nc3 Nf6 4. d4 exd4 5. Nxd4 Nxe4 6. Nxe4 d5 7. Nxc6 bxc6 8. Ng3 Be7 9. Bd3 c5 10. Bb5+ Bd7
11. Bxd7+ Qxd7 12. O-O O-O 13. Qf3 c6 14. Qf5 Qxf5 15. Nxf5 Bf6 16. Be3 d4 17. Bd2 Rad8 18. c4 Rfe8 19. b3 g6 20. Ng3 Rd7
21. Rfe1 Rdd8 22. Rxe8+ Rxe8 23. Kf1 d3 24. Re1 Rxe1+ 25. Kxe1 Be5= 26. Ne4 Bd4 27. f3 Kg7 28. Nf2 Bxf2+ 29. Kxf2 Kf6 30. Ke3
1-0

[Event "FH 3"]
[Site "SchemingMind.com"]
[Date "2022.05.02"]
[Round "-"]
[White "Hisjazzrabbit"]
[Black "Gomezeta"]
[Result "1-0"]
[WhiteCountry "FRA"]
[BlackCountry "ITA"]
[WhiteElo "1407"]
[WhiteRD "104"]
[BlackElo "1573"]
[BlackRD "129"]
[GameID "723125"]

1. f4 d5 2. Nf3 c5 3. g3 Nc6 4. e3 Qc7 5. Bb5 Nf6 6. Nc3 e6 7. Ne5 Bd6 8. Ng4 Bd7 9. Nxf6+ gxf6 10. O-O O-O-O
11. Qh5 f5 12. Qxf7 h5 13. Bxc6 Qxc6 14. Qg7 Rdg8 15. Qf6 h4 16. Ne2 d4 17. exd4 hxg3 18. Nxg3 Rxg3+ 19. hxg3 Qh1+ 20. Kf2 Rh2+
21. Ke1 Qg2 22. dxc5 Qxf1+ 23. Kxf1 Bxc5 24. d4 Bd6 25. d5 Bc5 26. dxe6 Bb5+ 27. Ke1 Bf2+ 28. Kd1 Bd4 29. Qxd4
1-0

[Event "FH 3"]
[Site "SchemingMind.com"]
[Date "2022.05.02"]
[Round "-"]
[White "Kenny Elliott"]
[Black "The Stonewall"]
[Result "0-1"]
[WhiteCountry "USA"]
[BlackCountry "ENG"]
[WhiteElo "1538"]
[WhiteRD "73"]
[BlackElo "2297"]
[BlackRD "75"]
[GameID "723126"]

1. d4 e6 2. e4 c5 3. d5 exd5 4. exd5 d6 5. Bb5+ Nd7 6. Nc3 a6 7. Bxd7+ Bxd7 8. Nf3 Nf6 9. O-O Be7 10. Re1 O-O
11. Bg5 b5 12. Bxf6 Bxf6 13. Ne4 Bxb2 14. Rb1 Ba3 15. Qd3 Bb4 16. c3 c4 17. Qc2 Ba3 18. h3 h6 19. Ned2 Qf6 20. Nd4 Qg5
21. Re3 Qxd5 22. N2f3 Rae8 23. Rbe1 Bc5 24. Rxe8 Rxe8 25. Rxe8+ Bxe8 26. Qe2 Kf8 27. Nc2 Bd7 28. a3 Qd3 29. Qd2 Bc6 30. Qxd3 cxd3
31. Nce1 Be4 32. Nd2 d5 33. Kf1 Bxa3 34. Nxe4 dxe4 35. f3 d2 36. Ke2 dxe1=Q+ 37. Kxe1 e3 38. Ke2 Bc5
0-1

[Event "FH 3"]
[Site "SchemingMind.com"]
[Date "2022.05.05"]
[Round "-"]
[White "The Stonewall"]
[Black "mochiron"]
[Result "1-0"]
[WhiteCountry "ENG"]
[BlackCountry "JPN"]
[WhiteElo "2319"]
[WhiteRD "75"]
[BlackElo "1398"]
[BlackRD "82"]
[GameID "723127"]

1. e4 c6 2. d4 d5 3. exd5 cxd5 4. Nf3 Bg4 5. h3 Bxf3 6. Qxf3 e6 7. Bd3 Nc6 8. c3 Nf6 9. O-O Be7 10. Qe2 Bd6
11. Bg5 h6 12. Bh4 Qc7 13. Nd2 Bh2+ 14. Kh1 Bd6 15. Qf3 O-O-O 16. Bxf6 gxf6 17. Qxf6 e5 18. Bb5 exd4 19. cxd4 Rhg8 20. Rac1 Rg6
21. Qf5+ Kb8 22. Bxc6 Rdg8 23. Bxd5 Rxg2 24. Bxg2 Qb6 25. Nc4 Qxd4 26. Nxd6 Qxd6 27. Qxf7 Rd8 28. Qxb7#
1-0

[Event "FH 3"]
[Site "SchemingMind.com"]
[Date "2022.05.05"]
[Round "-"]
[White "Derek Price"]
[Black "The Stonewall"]
[Result "1-0"]
[WhiteCountry "ENG"]
[BlackCountry "ENG"]
[WhiteElo "2375"]
[WhiteRD "69"]
[BlackElo "2317"]
[BlackRD "68"]
[GameID "723128"]

1. c4 e6 2. g3 d5 3. Bg2 Nf6 4. Nf3 d4 5. d3 Nc6 6. O-O Be7 7. e3 e5 8. exd4 exd4 9. Re1 O-O 10. Na3 Bg4
11. h3 Be6 12. Nc2 Re8 13. a3 a5 14. b3 h6 15. Rb1 Rb8 16. b4 axb4 17. axb4 b5 18. Bf4 Qd7 19. Kh2 Red8 20. Qd2 Bd6
21. Bxh6 Be7 22. Bg5 Rb6 23. c5 Ra6 24. Ne5 Nxe5 25. Rxe5 Ra2 26. Ra1 Rb2 27. Qc1 Rb3 28. c6 Qe8 29. Qd2 Rb2 30. Qc1 Rb3
31. Ra3 Rc3 32. Rxc3 dxc3 33. Qe3 Qf8 34. Rxb5 Bb3 35. Nd4 Ba4 36. Re5 c2 37. Nxc2 Ng4+ 38. hxg4 Bxg5 39. Rxg5 Bxc2 40. Rd5 Bb3
41. Rxd8 Qxd8 42. b5 Be6 43. g5 Qd6 44. b6 cxb6 45. Qxb6 Qxd3 46. c7
1-0